书目信息 |
| 题名: |
土木工程材料试验及检测
|
|
| 作者: | 黄显彬 主编 | |
| 分册: | ||
| 出版信息: | 武汉 武汉理工大学出版社 2020.05 |
|
| 页数: | 149页 | |
| 开本: | 26cm | |
| 丛书名: | ||
| 单 册: | ||
| 中图分类: | TU502 | |
| 科图分类: | ||
| 主题词: | 土木工程--tu mu gong cheng--建筑材料--材料试验--高等学校--教材 , 土木工程--tu mu gong cheng--建筑材料--检测--高等学校--教材 | |
| 电子资源: | ||
| ISBN: | 978-7-5629-4937-4 | |
| 000 | 01442nam0 2200277 450 | |
| 001 | 0100028402 | |
| 005 | 20211025120159.0 | |
| 010 | @a978-7-5629-4937-4@dCNY30.00 | |
| 100 | @a20200929d2020 em y0chiy50 ea | |
| 101 | 0 | @achi |
| 102 | @aCN@b420000 | |
| 105 | @aak a 000yy | |
| 106 | @ar | |
| 200 | 1 | @a土木工程材料试验及检测@Atu mu gong cheng cai liao shi yan ji jian ce@f主编黄显彬 |
| 205 | @a第2版 | |
| 210 | @a武汉@c武汉理工大学出版社@d2020.05 | |
| 215 | @a149页@c图@d26cm | |
| 320 | @a有书目 (第145-149页) | |
| 330 | @a全书共6章, “第1章金属材料”重点介绍常规的钢筋拉伸和弯曲试验, 同时增加了钢筋连接试验。“第2章集料”重点介绍了细集料和粗集料的常规试验, 同时增加了目前常用的机制砂有关试验检测及亚甲蓝试验内容。“第3章水泥”介绍了水泥的常规试验检测, 详细介绍了水泥取样方法、重要的标准稠度用水量试验、水泥凝结时间试验等。“第4章普通混凝土”内容厚实丰富, 介绍了普通混凝土的常规试验检测, 强调了立方体抗压强度试验及多组混凝土强度评定等重点内容。“第5章砂浆”介绍了常规的建筑砂浆试验检测。“第6章沥青材料”介绍了沥青材料的常规试验, 增加了公路沥青类路面常用的试验内容。 | |
| 333 | @a高等学校土木工程专业“卓越工程师”教育“十三五”规划教材 | |
| 606 | 0 | @a土木工程@Atu mu gong cheng@x建筑材料@x材料试验@x高等学校@j教材 |
| 606 | 0 | @a土木工程@Atu mu gong cheng@x建筑材料@x检测@x高等学校@j教材 |
| 690 | @aTU502@v5 | |
| 701 | 0 | @a黄显彬@Ahuang xian bin@4主编 |
| 801 | 0 | @aCN@c20210909 |
| 905 | @a河南城建学院图书馆@dTU502@eH900 | |
| 土木工程材料试验及检测/主编黄显彬.-第2版.-武汉:武汉理工大学出版社,2020.05 |
| 149页:图;26cm |
| 使用对象:高等学校土木工程专业“卓越工程师”教育“十三五”规划教材 |
| ISBN 978-7-5629-4937-4:CNY30.00 |
| 全书共6章, “第1章金属材料”重点介绍常规的钢筋拉伸和弯曲试验, 同时增加了钢筋连接试验。“第2章集料”重点介绍了细集料和粗集料的常规试验, 同时增加了目前常用的机制砂有关试验检测及亚甲蓝试验内容。“第3章水泥”介绍了水泥的常规试验检测, 详细介绍了水泥取样方法、重要的标准稠度用水量试验、水泥凝结时间试验等。“第4章普通混凝土”内容厚实丰富, 介绍了普通混凝土的常规试验检测, 强调了立方体抗压强度试验及多组混凝土强度评定等重点内容。“第5章砂浆”介绍了常规的建筑砂浆试验检测。“第6章沥青材料”介绍了沥青材料的常规试验, 增加了公路沥青类路面常用的试验内容。 |
| ● |
| 相关链接 |
|
|
|
正题名:土木工程材料试验及检测
索取号:TU502/H900
 
预约/预借
| 序号 | 登录号 | 条形码 | 馆藏地/架位号 | 状态 | 备注 |
| 1 | 1545293 | 215452935 | 建筑库201/201建筑库 5排1列5层/ [索取号:TU502/H900] | 在馆 | |
| 2 | 1545294 | 215452944 | 建筑库201/201建筑库 5排1列5层/ [索取号:TU502/H900] | 在馆 | |
| 3 | 1545295 | 215452953 | 建筑库201/201建筑库 5排1列5层/ [索取号:TU502/H900] | 在馆 |